000 00675nam a22002172 4500
001 0000006032
005 20151217152011.0
008 070912s xx 000 0 eng d
020 _a0750641118 :
_cKES 4,850
040 _aKABU
_cKABU
245 1 4 _aThe Professional's handbook of financial risk management /
_ced. by Mac Lore and Lev Borodovsky.
260 _aOxford :
_bButterworth,
_c2000.
300 _axxi, 802 p.
650 0 _aRisk management.
_@0000150875
650 0 _aFinance.
_@0000148330
700 1 _aLore, Mac.
_@0000157391
700 1 _aBorodovsky, Lev.
_@0000157392
908 _a070912
950 _@1
999 _c7171
_d7171